[Event "AUTO-INT-2414"]
[Site "http://www.queenalice.com/game.php?id=1095725"]
[Date "2012.8.22"]
[Round "1"]
[White "sapobrasileiro"]
[Black "Gustorrent"]
[Result "1-0"]
[WhiteElo "1743"]
[BlackElo "1717"]

1. e4 e5 2. f3 Nc6 3. c3 Nf6 4. d3 Be7 5. Be3 O-O 6. g4 d6 7. a4 a6 8. h4 Nd7 9.
Qd2 Bxh4+ 10. Kd1 b6 11. Ne2 Bb7 12. g5 Bxg5 13. Bxg5 f6 14. Be3 Rf7 15. Ng3 Nf8
16. Nf5 Ne7 17. Rg1 Nxf5 18. exf5 Bxf3+ 19. Kc2 Qd7 20. Bh3 Bb7 21. Qf2 c5 22.
Qg3 Qe7 23. Bg4 Nd7 24. Qh4 Nf8 25. Bh5 g6 26. fxg6 Nxg6 27. Qg4 Kh8 28. Nd2 Rg8
29. Qf5 Nh4 30. Rxg8+ Kxg8 31. Bxf7+ Qxf7 32. Rg1+ Ng6 33. Nf3 Kh8 34. Ng5 Nh4
35. Nxf7# 1-0

[Event "AUTO-INT-2414"]
[Site "http://www.queenalice.com/game.php?id=1095726"]
[Date "2012.8.22"]
[Round "1"]
[White "Gustorrent"]
[Black "sapobrasileiro"]
[Result "1-0"]
[WhiteElo "1681"]
[BlackElo "1682"]

1. d4 d5 2. Nf3 h6 3. Nc3 a6 4. e3 e6 5. Bd3 Nf6 6. O-O g6 7. Ne5 Bg7 8. Qf3
Nbd7 9. Ng4 Nxg4 10. Qxg4 b5 11. a3 f5 12. Qxg6+ Kf8 13. Qxe6 Nc5 14. Qxd5 Qxd5
15. Nxd5 Rg8 16. Nxc7 Ra7 17. Nd5 a5 18. Bxb5 Be6 19. Nf4 Bc8 20. Bc4 Rh8 21.
Ng6+ Ke8 22. Nxh8 Bxh8 23. f4 Ne4 24. Rf3 Rc7 25. Rh3 Bg7 26. Bd3 Nd6 27. Bd2
Rb7 28. Bc3 Kf7 29. b4 axb4 30. Bxb4 Ke6 31. Bxd6 Kxd6 32. c4 Rb3 33. c5+ Kd5
34. e4+ fxe4 35. Bxe4+ Kxd4 36. Rxb3 Kxe4 37. Rb4+ Kd5 38. Rd1+ Kc6 39. Kf2 Bf8
40. Rc1 Kd5 41. Rbc4 Kc6 42. Ke3 h5 43. g3 Ba6 44. R4c2 Bb5 45. Ke4 Ba6 46. f5
Bc8 47. h3 Bd7 48. g4 hxg4 49. hxg4 Be8 50. g5 Bg7 51. f6 Bh8 52. Ke5 Bg6 53.
Rb2 Bd3 54. Rb6+ 1-0

[Event "AUTO-INT-2414"]
[Site "http://www.queenalice.com/game.php?id=1095733"]
[Date "2012.8.22"]
[Round "1"]
[White "Gustorrent"]
[Black "vandany"]
[Result "1-0"]
[WhiteElo "1702"]
[BlackElo "1384"]

1. e4 e5 2. Nf3 Nc6 3. Bb5 a6 4. Ba4 b5 5. Bb3 Nf6 6. Nc3 Bc5 7. O-O d6 8. d3
O-O 9. Nd5 Ng4 10. h3 Nf6 11. Bg5 Nd4 12. Nxf6+ gxf6 13. Bh6 Re8 14. Nxd4 Bxd4
15. Qf3 Bxb2 16. Qg3+ Kh8 17. Qg7# 1-0

[Event "AUTO-INT-2414"]
[Site "http://www.queenalice.com/game.php?id=1095734"]
[Date "2012.8.22"]
[Round "1"]
[White "vandany"]
[Black "Gustorrent"]
[Result "0-1"]
[WhiteElo "1417"]
[BlackElo "1697"]

1. e4 e5 2. Nf3 Nc6 3. Bb5 Nf6 4. Nc3 d6 5. d4 a6 6. Bc4 exd4 7. Nxd4 Ne5 8. Bb3
Be7 9. O-O O-O 10. Re1 c5 11. Nf3 b5 12. a4 b4 13. Nd5 Nxd5 14. exd5 a5 15. c4
Bf6 16. Nxe5 Bxe5 17. Qh5 Bf6 18. Bc2 g6 19. Re3 gxh5 20. Re4 Bf5 21. Re2 Bxc2
22. Rxc2 Kh8 23. Re2 Rg8 24. Rb1 Qd7 25. Re4 Qh3 26. Kf1 Qxg2+ 27. Ke2 Qxe4+ 28.
Be3 Bg5 29. f3 Qxe3+ 30. Kf1 Bh4 0-1

[Event "AUTO-OPEN-2811"]
[Site "http://www.queenalice.com/game.php?id=1110371"]
[Date "2012.10.8"]
[Round "1"]
[White "Gustorrent"]
[Black "kamikaze"]
[Result "0-1"]
[WhiteElo "1702"]
[BlackElo "2293"]

1. e4 e5 2. Nf3 d6 3. Nc3 Nf6 4. Be2 Be7 5. O-O O-O 6. d4 exd4 7. Nxd4 c5 8. h3
cxd4 9. Qxd4 Nc6 10. Qe3 Re8 11. b3 a6 12. Bb2 Nb4 13. Qd2 Nc6 14. a3 Be6 15.
Bf3 Ne5 16. Qe3 Rc8 17. Rac1 Nxf3+ 18. Qxf3 b5 19. a4 b4 20. Ne2 a5 21. Nd4 Bd7
22. Rfd1 Bc6 23. Nxc6 Rxc6 24. e5 d5 25. exf6 Bxf6 26. Bxf6 gxf6 27. Rxd5 Qc7
28. Qg4+ Kf8 29. Rh5 Rxc2 30. Rxc2 Re1# 0-1

[Event "AUTO-OPEN-2811"]
[Site "http://www.queenalice.com/game.php?id=1110372"]
[Date "2012.10.8"]
[Round "1"]
[White "kamikaze"]
[Black "Gustorrent"]
[Result "1-0"]
[WhiteElo "2314"]
[BlackElo "1705"]

1. d4 d5 2. c4 Nf6 3. cxd5 Nxd5 4. e4 Nf6 5. Nc3 e6 6. a3 Be7 7. Nf3 O-O 8. Bc4
a6 9. O-O b5 10. Bb3 Bb7 11. Bc2 Nbd7 12. e5 Nd5 13. Qd3 c5 14. Qxh7# 1-0

[Event "AUTO-OPEN-2811"]
[Site "http://www.queenalice.com/game.php?id=1110373"]
[Date "2012.10.8"]
[Round "1"]
[White "Gustorrent"]
[Black "jgfmelo"]
[Result "1-0"]
[WhiteElo "1688"]
[BlackElo "1821"]

1. d4 d5 2. Nf3 f6 3. e3 Bg4 4. Be2 a6 5. O-O Nc6 6. h3 Bh5 7. Nc3 Qd7 8. a3 g5
9. Nd2 g4 10. Bxg4 Bxg4 11. Qxg4 Qxg4 12. hxg4 O-O-O 13. Nf3 e5 14. dxe5 fxe5
15. b4 Be7 16. Bb2 Nf6 17. Nh2 h5 18. gxh5 Rxh5 19. f3 Rdh8 20. Ng4 Nxg4 21.
fxg4 Rh4 22. Nxd5 Bg5 23. Kf2 Rxg4 24. Kf3 Rc4 25. c3 Rf8+ 26. Ke2 Rxf1 27. Rxf1
Na7 28. Rf5 Rg4 29. Kf3 Rh4 30. Rxg5 e4+ 31. Kf2 Rh1 32. Rg8+ Kd7 33. Nf6+ Ke7
34. Nxe4 Rb1 35. Rg7+ Kf8 36. Rxc7 Rxb2+ 37. Kf3 Nc6 38. Rxb7 Rb3 39. a4 Ne5+
40. Kf4 Ng6+ 41. Kg5 Ne5 42. g4 Nf3+ 43. Kf6 Ke8 44. Rb8+ Kd7 45. Nc5+ Kc7 46.
Rb7+ Kc6 47. Nxb3 Kxb7 48. g5 Nh4 49. g6 Nxg6 50. Kxg6 Kc6 51. Kf6 Kd5 52. Nd2
Kd6 53. e4 Kc6 54. e5 Kd7 55. e6+ Ke8 56. Ne4 Kd8 57. Kf7 Kc7 58. e7 Kc6 59.
e8=Q+ Kd5 60. Nd2 1-0

[Event "AUTO-OPEN-2811"]
[Site "http://www.queenalice.com/game.php?id=1110374"]
[Date "2012.10.8"]
[Round "1"]
[White "jgfmelo"]
[Black "Gustorrent"]
[Result "1-0"]
[WhiteElo "1812"]
[BlackElo "1700"]

1. e4 e5 2. d4 exd4 3. Qxd4 Nc6 4. Qd5 Nf6 5. Qd3 d6 6. Bg5 Be7 7. Nf3 O-O 8.
Qe3 Ng4 9. Qf4 Bxg5 10. Nxg5 h6 11. Nf3 Nb4 12. Bd3 Nxd3+ 13. cxd3 Re8 14. h3
Nf6 15. Nc3 c6 16. g4 Nd5 17. Nxd5 cxd5 18. O-O dxe4 19. dxe4 b6 20. Rad1 Qc7
21. Rxd6 Re6 22. e5 Bb7 23. h4 Bxf3 24. Qxf3 Rae8 25. Rxe6 Rxe6 26. Qa8+ Kh7 27.
Qe4+ Kh8 28. f4 Qc5+ 29. Kg2 Rc6 30. g5 Qc2+ 31. Qxc2 Rxc2+ 32. Rf2 Rxf2+ 33.
Kxf2 hxg5 34. hxg5 g6 35. Ke3 Kg8 36. Ke4 Kf8 37. f5 Ke7 38. f6+ Ke6 39. Kf4 a6
40. b4 a5 41. bxa5 bxa5 42. a4 Kd5 43. e6 Kxe6 44. Ke4 Kd6 45. Kd4 Kc6 46. Ke5
Kc5 47. Ke4 Kb4 48. Kd5 Kxa4 49. Kd6 Kb4 50. Ke7 a4 51. Kxf7 a3 52. Kxg6 a2 53.
f7 a1=Q 54. f8=Q+ Kb3 55. Qf7+ Kb2 56. Qf6+ Kb1 57. Qxa1+ Kxa1 58. Kf7 1-0

[Event "Challenge"]
[Site "http://www.queenalice.com/game.php?id=1119280"]
[Date "2012.11.5"]
[Round "-"]
[White "cdare"]
[Black "Gustorrent"]
[Result "1-0"]
[WhiteElo "1771"]
[BlackElo "1636"]

1. e4 e5 2. Nf3 Nc6 3. Nc3 Nf6 4. Bc4 Bc5 5. d3 O-O 6. O-O h6 7. Qe1 d6 8. h3 a6
9. a3 Nd4 10. Nxd4 Bxd4 11. Be3 Bxe3 12. Qxe3 c6 13. Ne2 Re8 14. Ng3 d5 15. Bb3
dxe4 16. Nxe4 Nxe4 17. Qxe4 Qf6 18. f4 exf4 19. Qxe8+ Kh7 20. Qe4+ Qg6 21. Qxf4
Bxh3 22. Qf3 Be6 23. Bxe6 Qxe6 24. Rfe1 Qg6 25. c3 Rd8 26. d4 f6 27. Re2 Re8 28.
Rae1 Rxe2 29. Qxe2 Qf7 30. c4 b6 31. Qe4+ Qg6 32. Qe6 Qg5 33. Qxc6 Qd2 34. Re8
Qxd4+ 35. Kh1 Qxb2 36. Qe4+ g6 37. Qe7# 1-0

[Event "Challenge"]
[Site "http://www.queenalice.com/game.php?id=1124068"]
[Date "2012.11.20"]
[Round "-"]
[White "Gustorrent"]
[Black "cdare"]
[Result "1-0"]
[WhiteElo "1625"]
[BlackElo "1823"]

1. e4 e5 2. Nf3 Nc6 3. Nc3 Nf6 4. Bb5 d6 5. O-O Bg4 6. h3 Bxf3 7. Qxf3 Be7 8. b3
O-O 9. Bb2 Nd4 10. Qd3 Nxb5 11. Nxb5 a6 12. Nc3 c6 13. Qe3 Nh5 14. Rad1 Bg5 15.
Qf3 Nf4 16. d3 b5 17. d4 Qe7 18. dxe5 dxe5 19. Ne2 Nxe2+ 20. Qxe2 Rad8 21. Rxd8
Rxd8 22. Rd1 f6 23. Rxd8+ Qxd8 24. Kf1 Qd6 25. f3 Bh4 26. c3 c5 27. Bc1 Kf7 28.
Qd2 Qxd2 29. Bxd2 g6 30. Ke2 h5 31. Kd3 Bg3 32. Be3 f5 33. exf5 gxf5 34. Bxc5
Ke6 35. c4 bxc4+ 36. Kxc4 Kd7 37. Bb4 Kc6 38. Bd2 Bf2 39. a4 Kb6 40. Bc3 e4 41.
fxe4 fxe4 42. Bd4+ Bxd4 43. Kxd4 e3 44. Kxe3 Kc5 45. g4 hxg4 46. hxg4 Kd6 47.
Kf4 1-0

[Event "Challenge"]
[Site "http://www.queenalice.com/game.php?id=1126099"]
[Date "2012.11.27"]
[Round "-"]
[White "Gustorrent"]
[Black "MrDJRVD"]
[Result "0-1"]
[WhiteElo "1680"]
[BlackElo "1755"]

1. d4 d5 2. Nf3 e6 3. e3 Nf6 4. Bd3 Be7 5. O-O O-O 6. c4 dxc4 7. Bxc4 c5 8. dxc5
Bxc5 9. Nc3 b6 10. b3 Bb7 11. Qxd8 Rxd8 12. Ne5 Bd6 13. Nf3 Bxf3 14. gxf3 Be5
15. Bb2 Nc6 16. Rab1 Nb4 17. a3 Nd3 18. Bxd3 Rxd3 19. Nb5 Bxb2 20. Rxb2 Nd5 21.
Rc1 a6 22. Nd4 Kf8 23. f4 b5 24. Rbc2 Ke7 25. Kg2 Ra7 26. Nc6+ Kd6 0-1

[Event "OS INCLIVEIS"]
[Site "http://www.queenalice.com/game.php?id=1131162"]
[Date "2012.12.14"]
[Round "-"]
[White "adelio"]
[Black "Gustorrent"]
[Result "1-0"]
[WhiteElo "1752"]
[BlackElo "1709"]

1. f4 e6 2. d4 d5 3. c4 Bb4+ 4. Nc3 Nf6 5. a3 Bxc3+ 6. bxc3 O-O 7. Ra2 Ne4 8.
Qc2 Qh4+ 9. g3 Nxg3 10. hxg3 Qxh1 11. Nf3 Nc6 12. c5 e5 13. fxe5 Bh3 14. Nd2 Qg1
15. Qd3 f5 16. Qf3 Bg4 17. Qf4 Ne7 18. Nf3 Bxf3 19. exf3 Ng6 20. Qg5 Rae8 21.
Rf2 Qh1 22. g4 1-0

[Event "Challenge"]
[Site "http://www.queenalice.com/game.php?id=1156956"]
[Date "2013.3.2"]
[Round "-"]
[White "cdare"]
[Black "Gustorrent"]
[Result "1-0"]
[WhiteElo "1846"]
[BlackElo "1698"]

1. e4 e5 2. Nf3 Nc6 3. Nc3 Nf6 4. Bc4 Be7 5. d3 O-O 6. O-O h6 7. Be3 d6 8. Qe1
a6 9. a3 Na5 10. Ba2 b5 11. b4 Nc6 12. Nd5 Bb7 13. Nxe7+ Nxe7 14. Qc1 Ng4 15. h3
Nxe3 16. Qxe3 Ng6 17. Rad1 Nf4 18. Nh2 Qg5 19. Qf3 Bc8 20. Kh1 Kh8 21. Qg3 Qh5
22. Nf3 g5 23. Nh2 c6 24. c4 Ne2 25. Qf3 Qxf3 26. Nxf3 f5 27. Bb3 Nc3 28. Rc1
fxe4 29. dxe4 Nxe4 30. c5 d5 31. Nxe5 Nxf2+ 32. Kg1 Nxh3+ 33. gxh3 Rxf1+ 34.
Rxf1 Bxh3 35. Rf6 Kg7 36. Rxc6 Ra7 37. Bxd5 Bd7 38. Nxd7 Rxd7 39. Be6 Ra7 40.
Bc8 Kf7 41. Rxh6 Kg7 42. Rd6 1-0

[Event "Challenge"]
[Site "http://www.queenalice.com/game.php?id=1200572"]
[Date "2013.7.17"]
[Round "-"]
[White "Gustorrent"]
[Black "cdare"]
[Result "0-1"]
[WhiteElo "1688"]
[BlackElo "1709"]

1. e4 e5 2. Nf3 Nc6 3. Nc3 Nf6 4. Bb5 d6 5. O-O Bd7 6. d3 g6 7. Bg5 Bg7 8. Qd2
O-O 9. Bh6 a6 10. Ba4 Qe7 11. Bxg7 Kxg7 12. Bb3 b5 13. Nd5 Nxd5 14. Bxd5 Rab8
15. h3 Qf6 16. Qg5 Qxg5 17. Nxg5 Nd4 18. c3 Ne2+ 19. Kh2 f6 20. Ne6+ Bxe6 21.
Bxe6 Nf4 22. Bb3 Nxd3 23. Rab1 Nc5 24. Bc2 Ne6 25. g3 Ng5 26. Kg2 c6 27. Rbd1
Rbd8 0-1

[Event "Challenge"]
[Site "http://www.queenalice.com/game.php?id=1209617"]
[Date "2013.8.19"]
[Round "-"]
[White "snebur1956"]
[Black "Gustorrent"]
[Result "1-0"]
[WhiteElo "2350"]
[BlackElo "1658"]

1. e4 e5 2. Nf3 Nc6 3. Bb5 d6 4. c3 Bd7 5. d4 a6 6. Ba4 b5 7. Bb3 h6 8. dxe5
dxe5 9. Qd5 Qf6 10. Nxe5 Rd8 11. Qxf7+ Qxf7 12. Nxf7 1-0

[Event "Challenge"]
[Site "http://www.queenalice.com/game.php?id=1209618"]
[Date "2013.8.19"]
[Round "-"]
[White "Gustorrent"]
[Black "snebur1956"]
[Result "0-1"]
[WhiteElo "1700"]
[BlackElo "2363"]

1. e4 e5 2. Nf3 Nc6 3. Bb5 a6 4. Ba4 Nf6 5. O-O Nxe4 6. Qe2 Nc5 7. Bxc6 dxc6 8.
Qxe5+ Ne6 9. d3 Bd6 10. Qh5 O-O 11. Ng5 Nxg5 12. Bxg5 Qe8 13. Nc3 f6 14. Qxe8
Rxe8 15. Bh4 f5 16. Rae1 Bd7 17. f3 c5 18. Kf2 Kf7 19. Rxe8 Kxe8 20. Re1+ Kf7
0-1

[Event "AUTO-INT-2414"]
[Site "http://www.queenalice.com/game.php?id=1224396"]
[Date "2013.10.13"]
[Round "3"]
[White "Gustorrent"]
[Black "twiddledeedum"]
[Result "1-0"]
[WhiteElo "1656"]
[BlackElo "1836"]

1. d4 d5 2. Nf3 Nc6 3. e3 a6 4. Be2 h6 5. O-O Nf6 6. c4 e6 7. Nc3 Ne4 8. cxd5
Nxc3 9. bxc3 Qxd5 10. c4 Qd8 11. Bb2 Ne7 12. Ne5 Nc6 13. Qa4 Bd7 14. Nxd7 Qxd7
15. Rfd1 Ne7 16. Qxd7+ Kxd7 17. d5 exd5 18. cxd5 Rd8 19. e4 Kc8 20. Rac1 Rd6 21.
Ba3 Rb6 22. d6 Nc6 23. d7+ Kd8 24. Bxf8 Rxf8 25. Bg4 Ne5 26. Bh3 Rd6 27. Rxd6
cxd6 28. Rc8+ 1-0

[Event "AUTO-INT-2414"]
[Site "http://www.queenalice.com/game.php?id=1224397"]
[Date "2013.10.13"]
[Round "3"]
[White "twiddledeedum"]
[Black "Gustorrent"]
[Result "0-1"]
[WhiteElo "1813"]
[BlackElo "1679"]

1. e4 e5 2. g3 Nf6 3. d3 Bc5 4. Bg2 O-O 5. Bg5 d6 6. Bh3 Bxh3 7. Nxh3 h6 8. Be3
Bxe3 9. fxe3 Qd7 10. Nf2 Nc6 11. a3 Rad8 12. Nc3 a6 13. Qd2 b5 14. b4 Ne7 15. d4
Ng6 16. O-O c6 17. Rad1 Rfe8 18. d5 cxd5 19. Nxd5 Nxd5 20. exd5 Qe7 21. e4 Qc7
22. c3 Qc4 23. Qb2 Rc8 24. Rc1 f6 25. Rfe1 Nh8 26. Nd1 Nf7 27. Ne3 Qxe4 28. Rcd1
Ng5 29. Kf2 Qf3+ 0-1